Southville International School and Colleges
Your cart is empty.
  • Cart
  • Lists
    Public lists Eva Luna New books Lux_list list_1
    Your lists Log in to create your own lists
  • Log in to your account
  • Your cookies
  • Search history
Southville International School and Colleges
  • Advanced search
  • Recent comments
  • Most popular
  • Libraries

Log in to your account

Log in with GOOGLE


If you do not have an external account, but do have a local account, you can still log in:

  1. Home
  2. MARC view: Social psychology /
Normal view MARC view ISBD view

Social psychology / (Record no. 362291)

[ view plain ]
MARC details
000 -LEADER
fixed length control field 00384nam a2200133Ia 4500
008 - FIXED-LENGTH DATA ELEMENTS--GENERAL INFORMATION
fixed length control field 191023s9999 xx 000 0 und d
020 ## - INTERNATIONAL STANDARD BOOK NUMBER
International Standard Book Number 9781305580220
100 ## - MAIN ENTRY--PERSONAL NAME
Personal name Kassin, Saul.
245 ## - TITLE STATEMENT
Statement of responsibility, etc Saul Kassin, Steven Fein, Hazel Rose Markus.--
Title Social psychology /
250 ## - EDITION STATEMENT
Edition statement 10th ed
260 ## - PUBLICATION, DISTRIBUTION, ETC. (IMPRINT)
Place of publication, distribution, etc USA :
Name of publisher, distributor, etc Cengage Learning
Date of publication, distribution, etc 2017
300 ## - PHYSICAL DESCRIPTION
Extent xxv, 650 pages.
650 ## - SUBJECT ADDED ENTRY--TOPICAL TERM
Topical term or geographic name as entry element Psychology.
Holdings
Withdrawn status Lost status Damaged status Home library Current library Shelving location Date acquired Source of acquisition Total Checkouts Full call number Barcode Date last seen Date checked out Price effective from Koha item type
      College Library College Library Reserve Section 10/23/2019 Library Fund 1 HM 251 .K19 2017 C21879 07/14/2025 07/04/2025 10/23/2019 Books

Social psychology /

APA

Kassin S., . (2017). Social psychology. USA: Cengage Learning.

Chicago

Kassin Saul, . 2017. Social psychology. USA: Cengage Learning.

Harvard

Kassin S., . (2017). Social psychology. USA: Cengage Learning.

MLA

Kassin Saul, . Social psychology. USA: Cengage Learning. 2017.

  • Place hold
  • Print
  • Cite
  • Add to your cart (remove)
  • Save record
    BIBTEX Dublin Core MARCXML MARC (non-Unicode/MARC-8) MARC (Unicode/UTF-8) MARC (Unicode/UTF-8, Standard) MODS (XML) RIS
  • More searches
    Search for this title in:
    Other Libraries (WorldCat) Other Databases (Google Scholar) Online Stores (Bookfinder.com) Open Library (openlibrary.org)

Exporting to Dublin Core...

SOUTHVILLE LIBRARY

Southville International School and Colleges Library

1281 Tropical Ave. Cor. Luxembourg St., BF Homes International, Las Pinas City

Tel. No. 8256374 / 252358 Loc. 117/146

Powered by Koha